00605nam a2200205 i 4500001001100000003000500011005001700016008004100033020001500074040002500089082001400114100003000128245003800158264005000196300002400246336002100270337002500291338002300316650006000339C2-0295812PPAK20180728074229.0090407s1999 my |||| ||||| | eng d a9837204095 aPPAKbengcPPAKerda04a413.12231 aMarshall, David, eauthor10aDictionary of synonyms & antonyms 1aKuala Lumpur : bGolden Books Centre , c1999 a400 pages ; c21 cm 2rdacontentatext 2rdamediaaunmediated 2rdacarrieravolume10aEnglish language - Synonyms and antonyms - Dictionaries